Statistics for Regions Bordering the Mediterranean on the Map

Click here to take the quiz!

General Stats

  • This quiz has been taken 172 times
  • The average score is 47 of 140

Answers on the Map

Answers color-coded by a green-red scale on the quiz's map according to % correct below.
 

Answer Stats

Region% Correct
Catalonia
95%
Sicily
94%
Corsica
91%
Sardinia
91%
Crete
90%
Tuscany
85%
Andalusia
84%
Valencia
82%
Balearic Islands
79%
Istanbul
77%
Tunis
76%
Alexandria
75%
Algiers
74%
Murcia
74%
Tripoli
74%
Tel Aviv
71%
Izmir
69%
Nicosia
69%
Lazio
68%
Liguria
68%
Split-Dalmatia
68%
Veneto
68%
Calabria
66%
Provence-Alpes-Côte d'Azur
63%
North
62%
South
60%
Antalya
59%
Campania
58%
Emilia-Romagna
58%
North Sinai
58%
East Macedonia and Thrace
57%
Tanger-Tétouan-Al Hoceïma
57%
Apulia
56%
Occitanie
56%
Oran
56%
Benghazi
54%
Tirana
54%
Dubrovnik-Neretva
53%
Friuli-Venezia-Giulia
52%
Basilicata
50%
Molise
49%
Abruzzo
48%
Attica
48%
Marche
46%
Peloponnese
46%
Central Macedonia
45%
Limassol
45%
Haifa
44%
Istria
44%
Port Said
44%
Epirus
41%
Ionian Islands
41%
Bursa
40%
Central Greece
40%
Thessaly
38%
Sfax
36%
Durrës
35%
North Aegean
35%
South Aegean
35%
Adana
32%
Edirne
32%
Larnaca
32%
Paphos
29%
Sousse
29%
West Greece
29%
Famagusta
26%
Mount Athos
26%
Hatay
25%
Zadar
25%
Mersin
23%
Vlorë
23%
Bar
22%
Latakia
22%
Shkodër
20%
Damietta
19%
Canakkale
18%
Kotor
18%
Tekirdag
18%
Herzegovina-Neretva
16%
Aydin
15%
Misrata
15%
Kyrenia
14%
Sirte
14%
Tartus
14%
Annaba
13%
Ismailia
13%
Mugla
13%
Balikesir
12%
Beja
12%
Bizerte
12%
Center
12%
Kocaeli
12%
Mount Lebanon
12%
Fier
11%
Gabes
11%
L'Oriental
11%
Matrouh
11%
Tlemcen
11%
Budva
10%
Yalova
10%
Ariana
9%
Béjaïa
9%
Coastal-Karst
9%
Dakahlia
9%
Herceg Novi
9%
Lika-Senj
9%
Monastir
9%
Primorje-Gorski Kotar
9%
Nabeul
8%
Tipaza
8%
Tivat
8%
Beheira
7%
Jendouba
7%
Lezhë
7%
Skikda
7%
Ben Arous
6%
Chlef
6%
Derna
6%
Mahdia
6%
Medenine
6%
Mostaganem
6%
Sharqia
6%
Ulcinj
6%
Zawiya
6%
Al Wahat
5%
Butnan
5%
Jijel
5%
Kafr El Sheikh
5%
Marj
5%
Šibenik-Knin
5%
Akkar
4%
Boumerdès
4%
Jabal al Akhdar
4%
Murqub
4%
Nuqat al Khams
4%
Tizi Ouzou
4%
Aïn Témouchent
3%
El Taref
3%

Score Distribution

Percentile by Number Answered

Percent of People with Each Score

Your Score History

You have not taken this quiz